<?xml version="1.0" encoding="UTF-8"?>
<record
    xmlns:xsi="http://www.w3.org/2001/XMLSchema-instance"
    xsi:schemaLocation="http://www.loc.gov/MARC21/slim http://www.loc.gov/standards/marcxml/schema/MARC21slim.xsd"
    xmlns="http://www.loc.gov/MARC21/slim">

  <leader>01727nam a22001577a 4500</leader>
  <datafield tag="999" ind1=" " ind2=" ">
    <subfield code="c">525790</subfield>
    <subfield code="d">525790</subfield>
  </datafield>
  <controlfield tag="008">240415b           ||||| |||| 00| 0 eng d</controlfield>
  <datafield tag="100" ind1=" " ind2=" ">
    <subfield code="a">Noterman, Elsa and  Blomley, Nicholas </subfield>
    <subfield code="9">51709</subfield>
  </datafield>
  <datafield tag="245" ind1=" " ind2=" ">
    <subfield code="a">Children's legal geographies, and the &#x201C;make-believe&#x201D; of property</subfield>
  </datafield>
  <datafield tag="260" ind1=" " ind2=" ">
    <subfield code="a">Social &amp; Legal Studies  </subfield>
  </datafield>
  <datafield tag="300" ind1=" " ind2=" ">
    <subfield code="a">33(2), Apr, 2024: p.236-253</subfield>
  </datafield>
  <datafield tag="520" ind1=" " ind2=" ">
    <subfield code="a">What is a wall to a child? It may be an obstacle course, a balance beam, a &#x201C;car,&#x201D; a seat, a home for spiders and ladybugs, a place to play hide and seek, a support to lean on when learning to walk, a perch for cats, a musical instrument to be played with sticks and hands. Rather than just a barrier, the wall can also become an incitement to explore that which lies beyond it. So how does a wall become just a territorial marker&#x2014;a designation of private property, an imposing boundary line that cuts through space, dividing mine and yours? And what can children's engagement with the boundary, and the legalized attempts to prevent and punish their boundary-crossing, tell us about the social work of private property? In addressing these questions, we aim to take seriously the iterative &#x201C;why?&#x201D; of small children when confronted with territorial rules and related violence.- Reproduced 

https://journals.sagepub.com/doi/full/10.1177/09646639231171674
</subfield>
  </datafield>
  <datafield tag="650" ind1=" " ind2=" ">
    <subfield code="a">Wall, Child, Obstacle Course, Balance Beam, Car, Seat, Spiders, Ladybugs, Hide and Seek, Support, Learning to Walk, Perch for Cats, Musical Instrument, Barrier, Exploration, Territorial Marker, Private Property, Boundary Line, Social Work, Boundary-Crossing, Territorial Rules, Violence.</subfield>
    <subfield code="9">51710</subfield>
  </datafield>
  <datafield tag="773" ind1=" " ind2=" ">
    <subfield code="a">Social &amp; Legal Studies  </subfield>
  </datafield>
  <datafield tag="906" ind1=" " ind2=" ">
    <subfield code="a">CHILD WELFARE</subfield>
  </datafield>
  <datafield tag="942" ind1=" " ind2=" ">
    <subfield code="c">AR</subfield>
  </datafield>
  <datafield tag="952" ind1=" " ind2=" ">
    <subfield code="0">0</subfield>
    <subfield code="1">0</subfield>
    <subfield code="2">ddc</subfield>
    <subfield code="4">0</subfield>
    <subfield code="7">0</subfield>
    <subfield code="9">400844</subfield>
    <subfield code="a">IIPA</subfield>
    <subfield code="b">IIPA</subfield>
    <subfield code="d">2024-04-15</subfield>
    <subfield code="h">33(2), Apr, 2024: p.236-253</subfield>
    <subfield code="p">AR131581</subfield>
    <subfield code="r">2024-04-15</subfield>
    <subfield code="y">AR</subfield>
  </datafield>
</record>
